00592nam a22001817a 450000500170000001000150001702000260003203500130005803700130007108200130008410000170009724500670011426000300018127000680021130000210027950000660030065000440036620140724125454.0 aENG-110072 a9789380607481c850.00 aEN-93605 bDBAD/PUB a954.0317 aIqbal Husain aReligion and ideology of the rebels of 1857 /cby Iqbal Husain aDelhibPrimus Booksc2013 aVirat Bhavan, Mukherjee Nagar Commercial ComplexbDelhie110009 a217p. c25cm(Hb) aIncludes bibliographical references (pages 197-204) and index a RevolutionarieszIndiazUttar Pradesh.